| 000 | 00868nam0a22002771 4500 | ||
|---|---|---|---|
| 001 | RU\NLR\INFOCOMM17\ROSSICA\1000293287 | ||
| 005 | 20250613185648.0 | ||
| 035 | _a(NLR Aleph) 009893160 | ||
| 090 |
_a10531395 _c10531395 |
||
| 100 | _a20030709d1908 |||y0rusy50 ca | ||
| 101 | 0 | _ager | |
| 102 | _aRU | ||
| 105 | _ay ||||000ay | ||
| 200 | 1 |
_aFestschrift zu Ehren des Dr.A.Harkavy aus Anlass Seines am 20.November 1905 vollendeten siebzigsten Lebensjahres _eGewidmet von Freunden und Verehrern _fHerausgegeben von Baron D.v.Güuzburg und J.Markon |
|
| 210 |
_aSt.Petersburg _d1908 |
||
| 215 | _d8° | ||
| 600 | 1 |
_aHarkavy _bA. _2PSBO |
|
| 702 | 1 |
_aGüuzburg _bD.v. _4340 |
|
| 702 | 1 |
_aMarkon _bJ. _4340 |
|
| 801 | 1 |
_aRU _bInfoComm _c20030709 |
|
| 801 | 0 |
_aRU _bNLR _gPSBO |
|
| 852 |
_aNLR _j12.59.4.21 |
||
| 942 | _cBOOK | ||
| 980 | _aNB | ||
| 980 | _aRossica | ||